Iglesia y fuerzas armadas: estudio canónico y jurídico sobre la asistencia espiritual a las Fuerzas Armadas en Chile

Sparad:
Bibliografiska uppgifter
Huvudupphovsman: González Errázuriz, Juan Ignacio (Författare, medförfattare)
Materialtyp: Bok
Språk:spanska
Publicerad: Santiago Universidad de los Andes 1994
Serie:Colección Jurídica, 2
Ämnen:
Taggar: Lägg till en tagg
Inga taggar, Lägg till första taggen!

MARC

LEADER 00000nam a2200000 a 4500
001 UCL4021
003 CL-VaPUC
008 031219e19940000CL |||||||||||||||||spa|d
020 |a 9567160066 
082 0 4 |a 355.347  |b GON  |2 21 
100 |a González Errázuriz, Juan Ignacio  |e author  |9 600969 
245 1 0 |a Iglesia y fuerzas armadas: estudio canónico y jurídico sobre la asistencia espiritual a las Fuerzas Armadas en Chile 
300 |a 314 p 
942 |c BK 
945 |d 20031219 00:00:00  |a cmena 
260 |a Santiago  |b Universidad de los Andes  |c 1994 
650 0 |a Fuerzas Armadas  |9 255504 
650 7 |a DERECHO CANONICO  |2 CL-VaPUC  |9 481488 
650 0 |a Derecho eclesiástico  |9 255055 
650 0 |a Iglesia y Estado  |9 254995 
583 |a last modification  |c 20031219 00:00:00  |k Rodrigo Vera 
490 0 |a Colección Jurídica, 2 
999 |c 306978  |d 306976 
952 |0 0  |1 0  |4 0  |6 355_347000000000000_GON_1994  |7 0  |8 DER_HDC  |9 372439  |a BIBDER  |b BIBDER  |d 2019-11-21  |i 3929094  |o 355.347 GON 1994  |p 3929094  |r 2019-11-21  |w 2019-11-21  |x Ubicación 4to Piso  |y BK  |z Estos recursos deben solicitarse con anticipación  |k DER